[Event "IECC CL6-2001.18"]
[Site "IECC email"]
[Date "2001.05.30"]
[Round "?"]
[White "Ceroni, Matteo"]
[Black "Garcia, Antonio Lopez"]
[Result "0-1"]
[WhiteElo "1337"]
[BlackElo "1380"]
[PlyCount "28"]
[EventDate "2001.??.??"]
[EventType "tourn (corr)"]
[EventRounds "4"]
[SourceTitle "Corr 2008"]
[Source "ChessBase"]
[SourceDate "2008.06.24"]
[SourceVersion "1"]
[SourceVersionDate "2008.06.24"]
[SourceQuality "1"]

1. e4 c5 2. d4 cxd4 3. c3 dxc3 4. Nxc3 Nc6 5. Nf3 e6 6. Bc4 Qc7 7. 0-0 Nf6 8. Qe2 Ng4 9. Nb5 Qb8 10. h3 h5 11. g3 a6 12. Nbd4 Bc5 13. Nxc6 Qxg3+ 14. Kh1 Qxh3+ 0-1